Regulatory Report

Detalles Bibliográficos
Formato: Electrónico Seriadas
Publicado: [S.l.] : [s.n.]
Materias:
Acceso en línea:Full text available from Research Library: 08/01/1998 to 12/31/2005

MARC

LEADER 00000nas a22000003u 4500
001 ssib000051375
003 WaSeSS
005 20200512172242.0
006 m d
007 cr n
008 200512uuuuuuuuu||||| |ss|||||| ||||||d
035 |a (WaSeSS)ssib000051375 
040 |a WaSeSS  |c WaSeSS  |d WaSeSS 
245 0 0 |a Regulatory Report  |h [electronic resource]. 
260 |a [S.l.] :  |b [s.n.] 
500 |a Title from content provider. 
506 |a License restrictions may limit access. 
655 0 |a Electronic journals. 
856 4 0 |z Full text available from Research Library: 08/01/1998 to 12/31/2005  |u https://search.proquest.com/publication/12914